000 01011cam a2200169 4500
001 WB3523-21
008 000000n1999 000 0 eng u
035 _a(Sirsi) u102511
245 _aCommission plans the free movement of services.
260 _c1999
490 _aCSM
_bChartered Surveyor Monthly
_v8(10) June 1999, 15(1)
520 _aThe EU Commission has put forward two proposals for directives on the free movement of services in the internal market. The first proposal gives the right of businesses in the EU to provide services in another member state using non-EU staff. The second covers self-employed workers from non-EU countries who are based in the EU. The proposals main provision provides for the introduction of EU 'service provision cards' allowing foreign nationals freedom to work abroad. Copies of the draft directive are available from Jill Craig in the Brussels Office: 00 32 2 230 14 49.
650 _aEMPLOYMENT LAW
650 _aBUSINESS LAW
690 _aEUROPE
942 _n0
999 _c61520
_d61520